Piłkarze z największą ilością goli z rzutów wolnych - Statystyki

Ogólne statystyki
  • Ten quiz został rozwiązany 133 razy
  • Średni wynik to 4 z 10
Statystyki odpowiedzi
Gole Odpowiedź % Poprawnych
57 Cristiano Ronaldo
100%
58 Lionel Messi
99%
65 David Beckham
50%
70 Pele
48%
66 Victor Legrotaglie | Ronaldinho
48%
62 Diego Maradona | Zico
40%
77 Juninho Pernambucano
34%
61 Rogerio Ceni
10%
60 Ronald Koeman
10%
59 Marcelinho Carioca
0%
Nie znaleziono quizów pasujących do podanych kryteriów
Rozkład punktacji
Procent ludzi z każdym wynikiem
Percentyl według liczby udzielonych odpowiedzi
Twoja historia wyników
Nie rozwiązałeś tego quizu